Statistics for にじさんじ所属タレントクイズ

Click here to take the quiz!

General Stats

  • This quiz has been taken 136 times
    (15 since last reset)
  • The average score is 83 of 232

Answer Stats

Answer% Correct
愛園愛美
83%
アルス・アルマル
83%
83%
戌亥とこ
83%
アンジュ・カトリーナ
83%
葛葉
83%
笹木咲
75%
でびでび・でびる
75%
える
75%
樋口楓
75%
リゼ・ヘルエスタ
75%
椎名唯華
75%
加賀美ハヤト
75%
社築
75%
月ノ美兎
75%
ドーラ
67%
長尾景
67%
鷹宮リオン
67%
健屋花那
67%
シェリン・バーガンディ
67%
赤羽葉子
67%
静凛
67%
イブラヒム
67%
文野環
67%
不破湊
67%
剣持刀也
67%
本間ひまわり
67%
舞元啓介
67%
渡会雲雀
67%
ローレン・イロアス
67%
黛灰
67%
夢追翔
67%
四季凪アキラ
58%
弦月藤士郎
58%
ヴォックス・アクマ
58%
黒井しば
58%
渋谷ハジメ
58%
レイン・パターソン
58%
ジョー・力一
58%
周央サンゴ
58%
葉加瀬冬雪
58%
グウェル・オス・ガール
58%
伏見ガク
58%
フミ
58%
星川サラ
58%
魔界ノりりむ
58%
ヤン・ナリ
58%
勇気ちひろ
58%
夜見れな
58%
相羽ういは
58%
西園チグサ
58%
アクシア・クローネ
58%
甲斐田晴
58%
家長むぎ
58%
天宮こころ
58%
卯月コウ
58%
フレン・E・ルスタリオ
58%
ギルザレンIII世
58%
宇志海いちご
50%
鈴鹿詩子
50%
鈴原るる
50%
レオス・ヴィンセント
50%
緑仙
50%
闇夜乃モルル
50%
天ヶ瀬むゆ
50%
白雪巴
50%
山神カルタ
50%
森中花咲
50%
花畑チャイカ
50%
早瀬走
50%
モイラ
50%
魔使マオ
50%
町田ちま
50%
星導ショウ
50%
赤城ウェン
50%
ましろ爻
50%
ルカ・カネシロ
50%
闇ノシュウ
50%
三枝明那
50%
魁星
50%
オリバー・エバンス
50%
狂蘭 メロコ
50%
シスター・クレア
42%
鏑木ろこ
42%
虎姫 コトカ
42%
飛鳥ひな
42%
雪城眞尋
42%
夕陽リリ
42%
小柳ロウ
42%
語部紡
42%
郡道美玲
42%
イ・ロハ
42%
メリッサ・キンレンカ
42%
春崎エアル
42%
壱百満天原サロメ
42%
雨森小夜
42%
風楽奏斗
42%
石神のぞみ
42%
榊ネス
42%
ベルモンド・バンデラス
42%
北小路ヒスイ
42%
神田笑一
42%
先斗寧
42%
東堂コハク
42%
ラトナ・プティ
42%
朝日南アカネ
42%
鈴木勝
42%
エクス・アルビオ
42%
立伝都々
42%
サニー・ブリスコー
42%
セラフ・ダズルガーデン
42%
アルバーン・ノックス
42%
えま★おうがすと
42%
北見遊征
33%
竜胆尊
33%
鈴谷アキ
33%
ペトラ グリン
33%
緋八マナ
33%
童田明治
33%
エリー・コニファー
33%
ミラン・ケストレル
33%
叢雲カゲツ
33%
伊波ライ
33%
海妹四葉
33%
栞葉るり
33%
宇佐美リト
33%
轟京子
33%
海夜叉神
33%
オ・ジユ
33%
夢月ロア
33%
ソ・ナギ
33%
ニュイ・ソシエール
33%
ヴェザリウス バンデージ
33%
レヴィ・エリファ
33%
ユウ Q ウィルソン
33%
エリーラ ペンドラ
25%
ベンタクロウ ブリンガー
25%
物述有栖
25%
レン ゾット
25%
遠北千南
25%
ミスタ・リアス
25%
ルイス・キャミー
25%
ミリー・パフェ
25%
明楽レイ
25%
アイク・イーヴランド
25%
五十嵐梨花
25%
瀬戸美夜子
25%
ハナ・マキア
25%
獅子堂あかり
25%
小野町春香
25%
セフィナ
25%
ソフィア・ヴァレンタイン
25%
空星きらめ
25%
佐伯イッテツ
25%
小清水透
25%
ナ・セラ
25%
奈羅花
25%
成瀬鳴
25%
御伽原江良
25%
ハ・ユン
25%
葉山舞鈴
25%
出雲霞
25%
倉持めると
25%
名伽尾アズマ
17%
遠藤霊夢
17%
ファルガー・オーヴィド
17%
ロゼミ ラブロック
17%
フィナーナ 竜宮
17%
雪汝
17%
久遠千歳
17%
マリア マリオネット
17%
タカ・ラジマン
17%
アイア アマレ
17%
遊間ユーゴ
17%
ドッピオ ドロップサイト
17%
桜凛月
17%
安土桃
17%
ミユ・オッタフィア
17%
ライ・ガリレイ
17%
矢車りね
17%
バン・ハダ
17%
ガオン
17%
ぽむ れいんぱふ
17%
ミン・スゥーハ
17%
中里 苦無
17%
トゥイスティー アマノザコ
8%
狐坂ニナ
8%
金子 鏡
8%
ヴィクトリア ブライトシールド
8%
浮奇・ヴィオレタ
8%
ヴェール ヴァーミリオン
8%
来栖夏芽
8%
アスター アルカディア
8%
シスカ・レオンタイン
8%
シア・エカフィラ
8%
スカーレ ヨナグニ
8%
クロード クローマーク
8%
クララ チャームウッド
8%
八朔ゆず
8%
リュ・ハリ
8%
ボンニフィエール・プラナジャ
8%
エナー・アールウェット
8%
ナギサ・アルシニア
8%
ヒョナ・エラティオラ
8%
リクサ・ディレンドラ
8%
ヌン・ボラ
8%
デレム・カド
8%
鳴門こがね
0%
ウィフィ
0%
シン・ギル
0%
ハクレン
0%
ユ・ルリ
0%
ハン・チホ
0%
ミカ・メラティカ
0%
イ・シウ
0%
凉舞 バレンウォート
0%
ナラ・ハラマウン
0%
ライラ・アルストロエメリア
0%
アズラ・セシリア
0%
コ・ヤミ
0%
シン・ユヤ
0%
カエン
0%
ヘックス へイワイヤー
0%
月見しずく
0%
チェ・アラ
0%
ソン・ミア
0%
レザ・アファンルナ
0%
ローロー
0%
アミシア・ミシェラ
0%
ゼア・コルネリア
0%
エトナ・クリムソン
0%
イ・オン
0%

Score Distribution

Percentile by Number Answered

Percent of People with Each Score

Your Score History

You have not taken this quiz since the last reset